Detalles MARC
| 000 -LEADER |
| fixed length control field |
01708nam a2200373Ia 4500 |
| 001 - CONTROL NUMBER |
| control field |
DIGANR0204 |
| 006 - FIXED-LENGTH DATA ELEMENTS--ADDITIONAL MATERIAL CHARACTERISTICS |
| fixed length control field |
m d |
| 007 - PHYSICAL DESCRIPTION FIXED FIELD--GENERAL INFORMATION |
| fixed length control field |
cr ||||||||||| |
| 008 - FIXED-LENGTH DATA ELEMENTS--GENERAL INFORMATION |
| fixed length control field |
100325s1992 sp ac b 000 0 spa d |
| 035 ## - SYSTEM CONTROL NUMBER |
| System control number |
(OCoLC)651961512 |
| 040 ## - CATALOGING SOURCE |
| Original cataloging agency |
DGITA |
| Language of cataloging |
eng |
| Description conventions |
pn |
| Transcribing agency |
DGITA |
| 050 #4 - LIBRARY OF CONGRESS CALL NUMBER |
| Classification number |
PQ8519.B292 |
| 245 00 - TITLE STATEMENT |
| Title |
Mario Benedetti : |
| Remainder of title |
literatura y creación social de la realidad. La utopía, empresa y revolución de la historia. |
| 264 #1 - PRODUCTION, PUBLICATION, DISTRIBUTION, MANUFACTURE, AND COPYRIGHT NOTICE |
| Place of production, publication, distribution, manufacture |
Barcelona : |
| Name of producer, publisher, distributor, manufacturer |
Anthropos, Editorial del Hombre, |
| Date of production, publication, distribution, manufacture, or copyright notice |
1992. |
| 300 ## - PHYSICAL DESCRIPTION |
| Extent |
1 online resource (95 p.) : |
| Other physical details |
illustrations, portraits. |
| 336 ## - CONTENT TYPE |
| Content type term |
text |
| Content type code |
txt |
| Source |
rdacontent |
| 337 ## - MEDIA TYPE |
| Media type term |
computer |
| Media type code |
c |
| Source |
rdamedia |
| 338 ## - CARRIER TYPE |
| Carrier type term |
online resource |
| Carrier type code |
cr |
| Source |
rdacarrier |
| 490 1# - SERIES STATEMENT |
| Series statement |
Anthropos: revista de documentación científica de la cultura, |
| International Standard Serial Number |
02115611 ; |
| Volume/sequential designation |
132. |
| 500 ## - GENERAL NOTE |
| General note |
Cover title. |
| 500 ## - GENERAL NOTE |
| General note |
"N.° 132, Mayo 1992" --P. [2] of cover. |
| 500 ## - GENERAL NOTE |
| General note |
"Este número se complementa con el Suplemento no 33 (1992), Mario Benedetti: textos preferidos y complementarios de autor y lector ; documentación bibliográfica. |
| 504 ## - BIBLIOGRAPHY, ETC. NOTE |
| Bibliography, etc. note |
"Documentación cultural e información bibliográfica: informes y bibliografía temática: Mario Benedetti" (p. 65-95) |
| 600 10 - SUBJECT ADDED ENTRY--PERSONAL NAME |
| Personal name |
Benedetti, Mario, |
| Dates associated with a name |
1920-2009 |
| General subdivision |
Criticism and interpretation. |
| 650 #0 - SUBJECT ADDED ENTRY--TOPICAL TERM |
| Topical term or geographic name entry element |
Uruguayan poetry |
| Chronological subdivision |
20th century. |
| 650 #0 - SUBJECT ADDED ENTRY--TOPICAL TERM |
| Topical term or geographic name entry element |
Authors, Uruguayan |
| Chronological subdivision |
20th century. |
| 655 #7 - INDEX TERM--GENRE/FORM |
| Genre/form data or focus term |
Periodicals. |
| Source of term |
lcgft |
| 700 1# - ADDED ENTRY--PERSONAL NAME |
| Personal name |
Benedetti, Mario, |
| Dates associated with a name |
1920-2009. |
| 791 2# - |
| -- |
Digitalia (Firm), |
| -- |
distributor. |
| 793 0# - |
| -- |
Digitalia e-journal Collection: |
| -- |
Anthropos |
| 830 #0 - SERIES ADDED ENTRY--UNIFORM TITLE |
| Uniform title |
Anthropos (Barcelona, Spain) ; |
| Volume/sequential designation |
132. |
| 856 40 - ELECTRONIC LOCATION AND ACCESS |
| Materials specified |
Digitalia Hispánica |
| Uniform Resource Identifier |
<a href="https://www.digitaliapublishing.com/a/3645/">https://www.digitaliapublishing.com/a/3645/</a> |
| 942 ## - ADDED ENTRY ELEMENTS (KOHA) |
| Koha item type |
Recurso Electrónico |